000
00287nam a2200109Ia 4500
008
230907s9999||||xx |||||||||||||| ||und||
082
_a
660.28
_b
SMI
100
_a
Smith, Robin
_9
115331
245
0
_a
Chemical process design and integration /
300
_a
xxiii, 896 pages ;
942
_c
BK
999
_c
598138
_d
598138